| 000 | 00507nam a22001937a 4500 | ||
|---|---|---|---|
| 003 | CEME | ||
| 005 | 20210628205617.0 | ||
| 008 | 210127b xxu||||| |||| 00| 0 eng d | ||
| 020 | _a0-394-32193-6 | ||
| 040 | _c. | ||
| 082 | _a327 MOR | ||
| 100 |
_aMorgenthau, Hans J _938057 |
||
| 245 | _aPolitics among nations,the struggle for power and peace | ||
| 250 | _a5TH | ||
| 260 |
_aRAWALPINDI _bARMY EDUCATION PRESS _c2004 |
||
| 300 | _a650P | ||
| 650 |
_aINTERNATIONAL RELATIONS _9880 |
||
| 942 |
_cBK _2ddc |
||
| 999 |
_c581648 _d581648 |
||